LDR 00660naa#a2200193#i#450# 001 EN\\bibl\120267 005 20260416205030.4 011 ## _a1819-4036 100 ## _a20210331b2021####ek#y0engy0150####ca 102 ## _aRU 200 1# _aIMMUNE HEMATOLOGICAL CHARACTERISTICS AND FUNCTIONAL ACTIVITY OF CATTLE’S BLOOD CELLS UNDER THE IMPACT OF LOW RADIATION DOSES _eJournal article 210 1# _aKrasnoyarsk _cKrasnoyarsk State Agrarian University _d2021 215 ## _a8 с. 608 ## _aJournal article _2local 675 ## _aОбщая зоология. 591 _z 700 #1 _aFedotova _gArina Sergeevna 700 #1 _aMakarskaya _gG V 700 #1 _aTarskikh _gC V 856 4# _avestnik.kgau.ru _u